00731nam a2200241 a 4500001001300000003000900013005001700022008004100039020002300080082001600103100001900119245004000138260004400178300000900222500003500231505001000266650003500276700001900311902000800330942000700338952012900345999001500474nice12345678IN_TiNIC20260116012243.0050524s1993 newa grp 000 0 eng  a0300839 c10000a291.42bRAM aRambo, Lewis R aUnderstanding Religious Conversiion aNew HavenbYale University Press c1993 a240p aincludes index and biblioraphy2 aindex aConversion-Religiou Experience1 aRambo, Lewis R bSRS cBK 001040708StackRoom-aHMIbHMId2012-01-06g100.00l1o291.42 RAMp014928r2024-09-20s2024-09-03v100.00w2005-05-24yBK c6254d6254